000 00531nam a2200181 4500
005 20260423152840.0
020 _a9789358878158
082 _a639.8
_bDUR.A
084 _2Colon Classification
100 _aDurgesh Kumar Verma
_913746
245 _aAquaculture Prospects, Opportunities & Challenges
260 _aNew Delhi:
_bNipa genx electronic resources & solutions
300 _a220p.
700 _aSanjay Kumar Gupta
_913747
700 _aAshfauq Farooq Aga
_913748
700 _aSudeshna Sarker
_913749
942 _2ddc
_cBK
999 _c758945
_d758945